000 00299nam a22001337a 4500
008 170529b xxu||||| |||| 00| 0 eng d
020 _a3528046341
041 _ager
080 _a62
100 _a27
101 _aIM
245 _aCIM-BASISWISSEN FUR DIE BERTIEBSPRAXIS
_cPAUL,G
942 _2udc
_cBK
999 _c14727
_d14727